000 00525nam a22001577a 4500
008 230626b xxu||||| |||| 00| 0 eng d
020 _a1843695340
082 _a333.74
_bNEL
100 _cVolker Stamm
245 _aMicro-Policies on Land tenure in three Villages in Bam Province, Burkina Faso
_bLocal strategies for exchanging land
260 _binternational institute for Environment abd Development
_cDec 2003
300 _a24p
600 _cJean-pierre Sawadogo
700 _cSaidou Robert Ouedraogo
942 _2ddc
_cBK
999 _c2685
_d2685